Online
Catalog

Después de la rueda kennedy : (Record no. 25158)

MARC details
000 -CABECERA
campo de control de longitud fija 01120nam a2200253 a 4500
001 - NÚMERO DE CONTROL
campo de control 000025666
005 - FECHA Y HORA DE LA ÚLTIMA TRANSACCIÓN
campo de control 20240527202356.0
008 - DATOS DE LONGITUD FIJA--INFORMACIÓN GENERAL
campo de control de longitud fija 110218s1974 ag r 000 0 spa d
040 ## - FUENTE DE LA CATALOGACIÓN
Centro catalogador/agencia de origen DO-SdBNP
Lengua de catalogación spa
Centro/agencia transcriptor BNPHU
082 ## - NÚMERO DE LA CLASIFICACIÓN DECIMAL DEWEY
Número de clasificación 382
Número de documento/Ítem K91d
049 ## - FONDOS LOCALES (OCLC)
Fondos de biblioteca BNGR
100 1# - ENTRADA PRINCIPAL--NOMBRE DE PERSONA
Nombre de persona Kraus Bivens, Karen
9 (RLIN) 52416
245 10 - MENCIÓN DE TÍTULO
Título Después de la rueda kennedy :
Resto del título Perspectivas de una liberalización mundial del intercambio /
Mención de responsabilidad, etc. Karen Kraus Bivens ; traducción Rolando Costa Picazo.
260 ## - PUBLICACIÓN, DISTRIBUCIÓN, ETC.
Lugar de publicación, distribución, etc. Buenos Aires, Argentina :
Nombre del editor, distribuidor, etc. Editorial Paidós,
Fecha de publicación, distribución, etc. 1974.
300 ## - DESCRIPCIÓN FÍSICA
Extensión 157 p. ;
Dimensiones 22.5 cm.
490 1# - MENCIÓN DE SERIE
Mención de serie Biblioteca tu, textos universitarios (economía) ;
Designación de volumen o secuencia 7
500 ## - NOTA GENERAL
Nota general Incluye notas al pie de las páginas.
534 ## - NOTA SOBRE LA VERSIÓN ORIGINAL
Frase introductoria Título original :
Mención de título del original After the kennedy round: outlook for world - wide trade liberalization,
Publicación, distribución, etc. del original New York : Conference Board, 1968.
650 #0 - PUNTO DE ACCESO ADICIONAL DE MATERIA--TÉRMINO DE MATERIA
Término de materia o nombre geográfico como elemento de entrada Comercio internacional
9 (RLIN) 10367
650 #0 - PUNTO DE ACCESO ADICIONAL DE MATERIA--TÉRMINO DE MATERIA
Término de materia o nombre geográfico como elemento de entrada Relaciones económicas internacionales
9 (RLIN) 1067
650 #4 - PUNTO DE ACCESO ADICIONAL DE MATERIA--TÉRMINO DE MATERIA
Término de materia o nombre geográfico como elemento de entrada La rueda kennedy, genova, 1964-1967
9 (RLIN) 52417
700 1# - PUNTO DE ACCESO ADICIONAL--NOMBRE DE PERSONA
Nombre de persona Costa Picazo, Rolando,
Término indicativo de función/relación tr.
9 (RLIN) 27380
830 #0 - PUNTO DE ACCESO ADICIONAL DE SERIE-TÍTULO UNIFORME
Título uniforme Biblioteca tu, textos universitarios (economía) ;
Número de parte o sección de la obra 7
9 (RLIN) 52418
Holdings
Estado de retiro Estado de pérdida Restricciones de uso No para préstamo Código de colección Localización permanente Ubicación/localización actual Ubicación en estantería Fecha de adquisición Número de inventario Total de préstamos Signatura topográfica completa Código de barras Fecha visto por última vez Precio válido a partir de Tipo de ítem Koha
        Monografías: Libros y Folletos General General En catalogación 18.02.2011 LF1   382 K91d 25666-10 25.06.2020 25.06.2020 Préstamo en sala

Powered by Koha